Europese geografie meerkeuze #2 - Statistieken

Algemene statistieken
  • Deze quiz is 50 keer genomen
  • De gemiddelde score is 23 van 31
Antwoordstatistieken
Vraag Antwoord % Correct
Welk Europees land komt als eerst op alfabetische volgorde? Albanië
100%
Wat is de naam van het Duitse snelwegsysteem? Autobahn
100%
Welke Engelse stad was een Romeins kuuroord tijdens de Romeinse tijd? Bath
100%
Wat zijn Ponte Vecchio en Pont Neuf? Bruggen
100%
Wat is het grootste vliegveld van Parijs? Charles de Gaulle
100%
Welke eilandengroep werd ontdekt door de Portugezen in de 14e eeuw? De Azoren
100%
Wat is de hoofdstad van Ierland? Dublin
100%
In welk land vindt je de Eyjafjallajökull vulkaan? Ijsland
100%
Wat is de hoofdstad van Oekraïne? Kiev
100%
Van welk Grieks eiland komt het woord Lesbie? Lesbos
100%
Naast Cyprus ligt er nog een eiland in de Middellandse Zee, wat is de naam van dat eiland? Malta
100%
Welke sport beoefenden Davos, Zermatt, en Chamonix? Skiën
100%
Litouwen, Letland en Estland worden ook wel De … Staten genoemd? Baltisch
75%
Wat is de correcte Engelse spelling voor Kopenhagen? Copenhagen
75%
Vanuit welke stad regeert de Nederlandse regering? Den Haag
75%
In welke zee vindt je eilanden als Santorini en Mykonos? Egeïsch Zee
75%
Welk land heet 'Suomi' in hun eigen taal? Finland
75%
Welk gebergte bezit het grootste deel van Roemenië? Karpaten
75%
Wat is het nationale dier van Engeland? Leeuw
75%
In welke Engelse stad vind je de beroemde straat 'Penny Lane'? Liverpool
75%
In welke Oostenrijkse stad is Mozart geboren? Salzburg
75%
Wat zijn de 2 grootse Europese steden die eindigen op -burg? Sint-Petersburg en Hamburg
75%
De Zee van Marmara wordt door Bosporus verbonden aan welke zee? Zwarte Zee
75%
Welke stad vindt je aan de Franse, Duitse en Zwitserse grens? Bazel
50%
Jutland is een schiereiland tussen welke 2 landen? Duitsland en Denemarken
50%
Uit welk land kom je als je een Magyar bent? Hongarije
50%
Wat is de grootste Franse stad die aan de kust ligt? Marseille
50%
Wat is de Noordwestelijkste provincie van Frankrijk? Bretagne
25%
Bij welk gebergte hoort de Elbrus, de hoogste berg in Europa? Kaukasus
25%
In welke Italiaanse stad ligt Fiumicino vliegveld? Rome
25%
Wat is na het Engels de meest gesproken taal in het Verenigd Koninkrijk? Pools
0%
Geen overeenkomende quizzen gevonden
Scoreverdeling
Procent van Mensen met Elke Score
Percentiel versus Aantal Correcte Antwoorden
Uw Scoregeschiedenis
U heeft deze quiz nog niet genomen